000 00350nam a22001697a 4500
003 UA-OsUOA
001 1776
007 ta
008 20050721b un ||||| |||| 00| 0 ukr d
100 _aReep
700 _aDiana
942 _cBK
040 _aUA-OsUOA
_cUA-OsUOA
_dUA-OsUOA
245 _aThe Blakemore Touch
_bFiction
955 _a2
650 7 _2UDC
999 _c287938
_d287938